Top 10 - Equipos europeos con más títulos internacionales - Estadísticas

Estadísticas generales
  • Esta prueba ha sido intentada 160 veces
  • La puntuación promedio es 8 de 10
Estadísticas de respuestas
Pálmares Equipo % Correcto
32 títulos Real Madrid
100%
17 títulos FC Barcelona
99%
14 títulos Liverpool FC - Bayern Munich
98%
8 títulos Manchester United FC - Atletico Madrid - Sevilla
98%
18 títulos AC Milan
96%
9 títulos FC Internazionale - Chelsea FC
95%
11 títulos Juventus FC
84%
10 títulos AFC Ajax
71%
7 títulos FC Oporto
64%
5 títulos Valencia CF - RSC Anderlecht
40%
No se encontraron pruebas coincidentes
Distribución de puntuación
Porcentaje de gente con cada puntuación
Porcentaje por número respondido
Historial de tus puntuaciones
No has intentado esta prueba.